Most Appearances in Europe's Top 5 Leagues Since 2010 - Statistics

General Stats
  • This quiz has been taken 127 times
  • The average score is 23 of 36
Answer Stats
# Apps. Clubs Pos. Answer % Correct
10 456 Paris Saint-Germain, Barcelona FW Lionel Messi
90%
33 422 Manchester United, Juventus, Real Madrid FW Cristiano Ronaldo
87%
1 488 Atlético Madrid, Barcelona, Real Sociedad FW/AM Antoine Griezmann
85%
7 470 Manchester United, Atlético Madrid GK David de Gea
85%
15 448 Barcelona, Bayern Munich, Borussia Dortmund ST Robert Lewandowski
83%
14 450 Bayern Munich AM/FW Thomas Müller
81%
12 454 Tottenham Hotspur, Olympique Lyon GK Hugo Lloris
77%
22 441 Real Madrid, Tottenham Hotspur MF Luka Modrić
77%
19 444 Barcelona DM Sergio Busquets
77%
30 426 Real Madrid ST Karim Benzema
76%
16 446 Olympique Marseille, Chelsea, Barcelona, Arsenal, Borussia Dortmund, Saint-Étienne, AS Monaco, Lille ST Pierre-Emerick Aubameyang
75%
27 430 Real Madrid, Bayern Munich, Bayer Leverkusen MF Toni Kroos
75%
33 422 Olympique Lyon, Arsenal FW Alexandre Lacazette
73%
16 446 Atlético Madrid MF Koke
73%
4 474 Inter Milan, Udinese GK Samir Handanovic
72%
25 434 Tottenham Hotspur, Bayer Leverkusen, Hamburger SV FW Son Heung-min
72%
18 445 Lazio, AS Roma, Chelsea, Barcelona RW/LW Pedro Rodríguez
71%
35 421 AC Milan, Chelsea, Arsenal, Montpellier ST Olivier Giroud
70%
26 432 Inter Milan, AS Roma, Manchester City, Vfl Wolfsburg ST Edin Džeko
69%
20 443 Sevilla, Manchester City RB Jesús Navas
69%
35 421 Union Berlin, Juventus, AC Milan, Bari CB Leonardo Bonucci
66%
5 471 Sevilla, Barcelona, Schalke 04 MF/AM Ivan Rakitić
62%
28 428 Inter Milan, Olympique Marseille, Manchester United, Arsenal, Barcelona FW Alexis Sánchez
60%
28 428 Olympique Marseille, West Ham United, Lille, Saint-Étienne AM Dimitri Payet
58%
13 453 Rennes, Olympique Marseille, Crystal Palace GK Steve Mandanda
57%
24 438 Atlético Madrid, Chelsea, Olympique Marseille, Osasuna DF César Azpilicueta
55%
20 443 Strasbourg, Valencia, Atlético Madrid, Sevilla, Paris Saint-Germain, Lorient ST Kévin Gameiro
50%
10 456 Nantes, Watford, Tottenham Hotspur, Newcastle United, Toulouse MF Moussa Sissoko
50%
5 471 Villarreal, Valencia, Getafe MF Dani Parejo
49%
23 439 Granada, Fiorentina, Napoli, Real Madrid, Espanyol RW/LW José Callejón
46%
31 423 Athletic Bilbao FW/AM Iker Muniain
43%
8 458 TSG Hoffenheim, SC Freiburg GK Oliver Baumann
39%
8 458 Athletic Bilbao, Atlético Madrid, Osasuna FW Raúl García
39%
28 428 Crystal Palace, Swansea City, Aston Villa, Lorient, Sochaux, Olympique Marseille FW Jordan Ayew
36%
2 481 Salernitana, Sampdoria, Inter Milan, Lazio, Cesena, Parma, Juventus RM/RW Antonio Candreva
33%
3 475 Sassuolo, Atalanta GK Andrea Consigli
27%
No matching quizzes found
Score Distribution
Percent of People with Each Score
Percentile by Number Answered
Your Score History
You have not taken this quiz